MARC

LEADER 00000nam0a2200000 4500
001 142594
005 20231101220957.0
020 |a RU  |b 86-99822 
035 |a (RuTPU)RU\TPU\book\154524 
090 |a 142594 
100 |a 20080909d1986 k a0rusy5003 ca 
101 0 |a rus 
102 |a UA 
105 |a a z 001zy 
200 1 |a Композиционные электрохимические покрытия и материалы  |f Л. И. Антропов, Ю. Н. Лебединский 
210 |a Киев  |c Технiка  |d 1986 
215 |a 199,[1] с.  |c ил.  |d 21 см 
320 |a Библиогр.: с. 193-197 (89 назв.) 
606 |a Композиционные материалы  |2 stltpush  |3 (RuTPU)RU\TPU\subj\15033  |9 41331 
606 |a Защитные покрытия  |x Нанесение  |x Автоматизация  |2 stltpush  |3 (RuTPU)RU\TPU\subj\11431  |9 38368 
610 1 |a электролитическое осаждение 
610 1 |a нанесение 
610 1 |a композиционные электрохимические покрытия 
610 1 |a получение 
610 1 |a электролиз 
610 1 |a металлы 
610 1 |a оборудование 
610 1 |a экономическая эффективность 
675 |a 678.073  |z rus 
675 |a 621.793  |z rus 
700 1 |a Антропов  |b Л. И.  |g Лев Иванович  |4 070 
701 1 |a Лебединский  |b Ю. Н.  |g Юрий Николаевич  |4 070 
801 0 |a RU  |b RuMRKP  |c 19950417  |g psbo 
801 1 |a RU  |b 63413507  |c 20080909  |g PSBO 
801 2 |a RU  |b 63413507  |c 20171214  |g PSBO 
942 |c BK